The life of Smith Wigglesworth: (Record no. 14150)

000 -LEADER
fixed length control field 01063nam a2200241 a 4500
001 - CONTROL NUMBER
control field :::00011974$&:&@@
003 - CONTROL NUMBER IDENTIFIER
control field OkBaRHE
005 - DATE AND TIME OF LATEST TRANSACTION
control field 20110325114559.0
008 - FIXED-LENGTH DATA ELEMENTS--GENERAL INFORMATION
fixed length control field s1988 j 000 0 eng u
040 ## - CATALOGING SOURCE
Transcribing agency
100 1# - MAIN ENTRY--PERSONAL NAME
Personal name Hywel-Davies, Jack.
245 14 - TITLE STATEMENT
Title The life of Smith Wigglesworth:
Remainder of title one man, one holy passion.
260 ## - PUBLICATION, DISTRIBUTION, ETC. (IMPRINT)
Place of publication, distribution, etc Ann Arbor, MI., :
Name of publisher, distributor, etc Servant Publications
Date of publication, distribution, etc c1988
300 ## - PHYSICAL DESCRIPTION
Extent 171 p. ;
Dimensions 21 cm.
650 ## - SUBJECT ADDED ENTRY--TOPICAL TERM
Topical term or geographic name as entry element Evangelists
General subdivision England
-- Biography
650 ## - SUBJECT ADDED ENTRY--TOPICAL TERM
Topical term or geographic name as entry element Pentecostal Churches
General subdivision England
-- Clergy
-- Biography
650 ## - SUBJECT ADDED ENTRY--TOPICAL TERM
Topical term or geographic name as entry element Wigglesworth, Smith, 1859-1947.
942 ## - ADDED ENTRY ELEMENTS (KOHA)
Source of classification or shelving scheme
Koha item type Books
Copies
Permanent Location Damaged status Date last seen Barcode Price effective from Full call number Lost status Date acquired Date checked out Shelving location Withdrawn status Current Location Source of classification or shelving scheme Total Checkouts Not for loan Koha item type Copy number Total Renewals
RHEMA Bible Training College 2010-04-14119742010-04-14BX 8762 .Z8W544 2010-04-14 General Stacks     Books2 
RHEMA Bible Training College 2010-04-14167752010-04-14BX 8762 .Z8W544 2010-04-14 General Stacks     Books3 
RHEMA Bible Training College 2014-02-24167762010-04-14BX 8762 .Z8 W544 2010-04-142014-02-03General Stacks RHEMA Bible Training College 1 Books11
RHEMA Bible Training College 2012-04-04167772010-04-14BX 8762 .Z8W544 2010-04-142012-02-23General Stacks RHEMA Bible Training College 1 Books41